<?xml version="1.0" encoding="UTF-8"?>
<collection xmlns:xsi="http://www.w3.org/2001/XMLSchema-instance" xsi:schemaLocation="http://www.loc.gov/MARC21/slim http://www.loc.gov/standards/marcxml/schema/MARC21slim.xsd" xmlns="http://www.loc.gov/MARC21/slim">
 <record>
  <leader>00000nam a2200000 i 4500</leader>
  <controlfield tag="001">UP-8027390931311491952</controlfield>
  <controlfield tag="003">Buklod</controlfield>
  <controlfield tag="005">20250110163818.0</controlfield>
  <controlfield tag="006">m    |o  d |      </controlfield>
  <controlfield tag="007">ta</controlfield>
  <controlfield tag="008">250109s2023    pau   a r   b 001 0 eng d</controlfield>
  <datafield tag="020" ind1=" " ind2=" ">
   <subfield code="a">9781975217297</subfield>
  </datafield>
  <datafield tag="035" ind1=" " ind2=" ">
   <subfield code="a">23614934</subfield>
  </datafield>
  <datafield tag="037" ind1=" " ind2=" ">
   <subfield code="a">CHK-6390</subfield>
   <subfield code="b">NSGB Books Trading</subfield>
   <subfield code="c">Php12895.00</subfield>
  </datafield>
  <datafield tag="040" ind1=" " ind2=" ">
   <subfield code="a">DLC</subfield>
   <subfield code="c">DCHK</subfield>
   <subfield code="e">rda</subfield>
  </datafield>
  <datafield tag="041" ind1=" " ind2=" ">
   <subfield code="a">eng</subfield>
  </datafield>
  <datafield tag="090" ind1=" " ind2=" ">
   <subfield code="a">QP 301</subfield>
   <subfield code="b">M32 2023</subfield>
  </datafield>
  <datafield tag="100" ind1="1" ind2=" ">
   <subfield code="a">McArdle, William D.</subfield>
   <subfield code="e">author</subfield>
  </datafield>
  <datafield tag="245" ind1="1" ind2="0">
   <subfield code="a">Exercise physiology</subfield>
   <subfield code="b">nutrition, energy, and human performance</subfield>
   <subfield code="c">William D. McArdle, Frank I. Katch, Victor L. Katch.</subfield>
  </datafield>
  <datafield tag="250" ind1=" " ind2=" ">
   <subfield code="a">Ninth edition.</subfield>
  </datafield>
  <datafield tag="264" ind1=" " ind2="1">
   <subfield code="a">Philadelphia</subfield>
   <subfield code="b">Wolters Kluwer</subfield>
   <subfield code="c">2023</subfield>
  </datafield>
  <datafield tag="300" ind1=" " ind2=" ">
   <subfield code="a">lxiii, 1110 pages</subfield>
   <subfield code="b">color illustrations</subfield>
   <subfield code="c">29 cm</subfield>
  </datafield>
  <datafield tag="336" ind1=" " ind2=" ">
   <subfield code="a">text</subfield>
   <subfield code="2">rdacontent</subfield>
  </datafield>
  <datafield tag="337" ind1=" " ind2=" ">
   <subfield code="a">unmediated</subfield>
   <subfield code="2">rdamedia</subfield>
  </datafield>
  <datafield tag="338" ind1=" " ind2=" ">
   <subfield code="a">volume</subfield>
   <subfield code="2">rdacarrier</subfield>
  </datafield>
  <datafield tag="504" ind1=" " ind2=" ">
   <subfield code="a">Includes bibliographical references and index</subfield>
  </datafield>
  <datafield tag="505" ind1="0" ind2="0">
   <subfield code="a">Chapter 1. Carbohydrates, lipids, and proteins -- Chapter 2. Vitamins, minerals, and water -- Chapter 3. Optimal nutrition for physical activity -- Chapter 4. Food's energy value -- Chapter 5. Introduction to energy transfer -- Chapter 6. Energy transfer in the body -- Chapter 7. energy transfer during physical activity -- Chapter 8. Measuring energy expenditure -- Chapter 9. Energy expenditure during rest and physical activity -- Chapter 10. Energy expenditure during walking, jogging, running, and swimming -- Chapter 11. Individual differences and measuring energy capabilities -- Chapter 12. Pulmonary structure and function -- Chapter 13. Gas exchange and transport -- Chapter 14. Pulmonary ventilation dynamics -- Chapter 15. The cardiovascular system -- Chapter 16. Cardiovascular regulation and integration -- Chapter 17. Cardiovascular dynamics during physical activity -- Chapter 18. Skeletal muscle structure and function -- Chapter 19.Neural control and human movement -- Chapter 20. The endocrine system: organization and acute and chronic responses to physical activity -- Chapter 21. Training for anaerobic and aerobic power -- Chapter 22. Muscular strength: training muscles to become stronger -- Chapter 23. Special aids to exercise training and performance -- Chapter 24. Physical activity at medium and high altitude -- Chapter 25 Exercise and thermal stress -- Chapter 26. Sport diving -- Chapter 27. Microgravity: the last frontier -- Chapter 28. Body composition assessment -- Chapter 29. Physique, performance, and physical activity -- Chapter 30. Overweight, overfatness (obesity), and weight control -- Chapter 31. Physical activity, health, and aging -- Chapter 32. Clinical exercise physiology for cancer, cardiovascular, and pulmonary rehabilitation -- Chapter 33. Molecular biology: new vista for exercise physiology in health, disease, and performance </subfield>
  </datafield>
  <datafield tag="520" ind1=" " ind2=" ">
   <subfield code="a">Exercise physiology: nutrition, energy, and human performance, ninth edition, presents a research-centric approach in a vibrant, engaging design to make complex topics accessible and deliver a comprehensive understanding of how nutrition, energy transfer, and exercise training affect human performance</subfield>
  </datafield>
  <datafield tag="650" ind1=" " ind2="0">
   <subfield code="a">Exercise</subfield>
   <subfield code="x">Physiological aspects.</subfield>
  </datafield>
  <datafield tag="700" ind1="1" ind2=" ">
   <subfield code="a">Katch, Frank I.</subfield>
   <subfield code="e">author.</subfield>
  </datafield>
  <datafield tag="700" ind1="1" ind2=" ">
   <subfield code="a">Katch, Victor L.</subfield>
   <subfield code="e">author.</subfield>
  </datafield>
  <datafield tag="905" ind1=" " ind2=" ">
   <subfield code="a">FO</subfield>
  </datafield>
  <datafield tag="852" ind1="0" ind2=" ">
   <subfield code="a">UPD</subfield>
   <subfield code="b">DCHK</subfield>
   <subfield code="h">QP 301</subfield>
   <subfield code="i">M32 2023</subfield>
  </datafield>
  <datafield tag="942" ind1=" " ind2=" ">
   <subfield code="a">Book</subfield>
  </datafield>
 </record>
</collection>
